| 000 | 00854cam a2200253 a 4500 | ||
|---|---|---|---|
| 001 | 1593558 | ||
| 003 | OSt | ||
| 005 | 20260319115748.0 | ||
| 008 | 931112s1993 ii b 001 0 eng | ||
| 020 | _a9788124600115 | ||
| 040 |
_cHDL _bENG |
||
| 082 | _a294.5 N3 | ||
| 100 | 1 |
_aAnderson, Leona M. _q(Leona May), _d1951- _91132531 |
|
| 245 | 1 | 0 |
_aVasantotsava : _bthe spring festivals of India : texts and traditions / _cLeona M. Anderson. |
| 260 |
_aNew Delhi : _bD.K. Printworld (P) Ltd., _c1993. |
||
| 300 |
_a254 p. _c22 cm. |
||
| 490 | 1 |
_aReconstructing Indian history & culture, _vno. 4 |
|
| 651 | 0 |
_aIndia _xReligious life and customs. |
|
| 830 | 0 |
_aReconstructing Indian history & culture ; _vno. 4. _91132532 |
|
| 906 |
_a7 _bcbc _corignew _d3 _encip _f19 _gy-gencatlg |
||
| 942 | _cTEXL | ||
| 999 |
_c1715754 _d1715754 |
||